[Event "Women&#39;s 4NCL Division 1"]
[Site "Kenilworth, ENG"]
[Date "2019.10.12"]
[Round "1.11"]
[White "Schmid, Shahanah"]
[Black "Orlovska, Madara"]
[Result "1/2-1/2"]
[WhiteElo "2069"]
[BlackElo "2125"]
[PlyCount "71"]
[EventDate "2019.10.12"]
[WhiteTeam "Richmond Juniors Amazons"]
[BlackTeam "Guildford"]

1. d4 Nf6 2. Bf4 g6 3. Nc3 Bg7 4. e4 d6 5. Qd2 c6 6. Bh6 Bxh6 7. Qxh6 Qa5 8.
Bd3 Nbd7 9. Nf3 Qh5 10. Qd2 b5 11. Ne2 Qg4 12. Ng3 Nb6 13. d5 cxd5 14. Bxb5+
Bd7 15. h3 Qe6 16. Nd4 Qe5 17. f4 Nxe4 18. fxe5 Nxd2 19. Kxd2 dxe5 20. Bxd7+
Kxd7 21. Nde2 Nc4+ 22. Kc1 Ne3 23. Rg1 Rhc8 24. c3 Rab8 25. b4 Rxb4 26. Rb1 Ra4
27. Nf1 Nc4 28. Nd2 Rxa2 29. Nxc4 Rxc4 30. Kd1 d4 31. cxd4 Rcc2 32. Nc1 Rxg2
33. Rxg2 Rxg2 34. Rb7+ Ke6 35. dxe5 Rg3 36. Ne2 1/2-1/2

[Event "Women&#39;s 4NCL Division 1"]
[Site "Kenilworth, ENG"]
[Date "2019.10.12"]
[Round "1.12"]
[White "Kueh, Audrey"]
[Black "Pham, Catherine"]
[Result "1-0"]
[WhiteElo "2087"]
[BlackElo "1465"]
[PlyCount "53"]
[EventDate "2019.10.12"]
[WhiteTeam "Guildford"]
[BlackTeam "Richmond Juniors Amazons"]

1. e4 c5 2. Nf3 e6 3. c3 Nc6 4. Bb5 Qb6 5. Bxc6 Qxc6 6. e5 b6 7. O-O d6 8. d4
Ne7 9. exd6 Qxd6 10. Ne5 Bb7 11. Bf4 Nd5 12. Bg3 Qe7 13. Qa4+ Kd8 14. c4 Nc7
15. dxc5 Kc8 16. Rd1 f6 17. Rd7 Qxc5 18. Nd3 Bc6 19. Rxc7+ Kd8 20. Rxc6 Qd4 21.
Nc3 e5 22. Rd1 Ke8 23. Rc7+ Kd8 24. Nxe5 Qxd1+ 25. Qxd1+ Kxc7 26. Qd7+ Kb8 27.
Nc6# 1-0

[Event "Women&#39;s 4NCL Division 1"]
[Site "Kenilworth, ENG"]
[Date "2019.10.12"]
[Round "1.13"]
[White "Pham, Clemence"]
[Black "Mellor, Jessica"]
[Result "1/2-1/2"]
[WhiteElo "1487"]
[BlackElo "1870"]
[PlyCount "65"]
[EventDate "2019.10.12"]
[WhiteTeam "Richmond Juniors Amazons"]
[BlackTeam "Guildford"]

1. e4 e5 2. Nf3 Nc6 3. Bb5 Nf6 4. d3 Bc5 5. c3 d6 6. d4 exd4 7. cxd4 Bb4+ 8.
Bd2 Bxd2+ 9. Nbxd2 O-O 10. O-O Bg4 11. h3 Bxf3 12. Nxf3 Nxe4 13. Re1 d5 14. Bd3
Re8 15. a3 Qd7 16. Nd2 Nxd2 17. Qxd2 h6 18. Bc2 Rxe1+ 19. Rxe1 Re8 20. Rxe8+
Qxe8 21. Qf4 Qd7 22. b4 Ne7 23. Qg3 g6 24. h4 Kh7 25. h5 b6 26. Qf4 Ng8 27. Ba4
Qe7 28. Bc2 Nf6 29. Qh4 Qe6 30. f3 Qe3+ 31. Kh2 Kg7 32. hxg6 fxg6 33. Qg3
1/2-1/2

[Event "Women&#39;s 4NCL Division 1"]
[Site "Kenilworth, ENG"]
[Date "2019.10.12"]
[Round "1.14"]
[White "Frostick, Helen M"]
[Black "Samuel, Katherine"]
[Result "1-0"]
[WhiteElo "1909"]
[BlackElo "1180"]
[PlyCount "37"]
[EventDate "2019.10.12"]
[WhiteTeam "Guildford"]
[BlackTeam "Richmond Juniors Amazons"]

1. e4 e5 2. Nf3 Nc6 3. Bb5 Nf6 4. O-O Ng4 5. c3 Bc5 6. d4 exd4 7. cxd4 Nxd4 8.
Nxd4 Bxd4 9. Qxd4 Qh4 10. h3 h5 11. Qxg7 Rh6 12. Qg8+ Ke7 13. Bg5+ Qxg5 14.
Qxg5+ Rf6 15. hxg4 h4 16. e5 h3 17. exf6+ Ke6 18. Re1+ Kd6 19. Qe5# 1-0

[Event "Women&#39;s 4NCL Division 1"]
[Site "Kenilworth, ENG"]
[Date "2019.10.12"]
[Round "1.21"]
[White "Smith, Olivia"]
[Black "Chaban, Roxolana"]
[Result "1-0"]
[WhiteElo "2020"]
[BlackElo "1585"]
[PlyCount "59"]
[EventDate "2019.10.12"]
[WhiteTeam "The Dragonesses"]
[BlackTeam "Ancient & Modern"]

1. e4 c5 2. Nf3 g6 3. g3 Bg7 4. Bg2 Nc6 5. O-O e6 6. c3 Nge7 7. d4 cxd4 8. cxd4
d5 9. e5 O-O 10. Nc3 a6 11. a4 f6 12. exf6 Bxf6 13. Bh6 Re8 14. Qd2 Nf5 15. Be3
Nxe3 16. fxe3 b6 17. e4 dxe4 18. Nxe4 Bg7 19. Rad1 Bb7 20. Neg5 h6 21. Nh3 Rc8
22. Nf4 g5 23. Nh5 Bf8 24. Ne5 Bb4 25. Qe3 Rf8 26. Nxc6 Rxf1+ 27. Rxf1 Rxc6 28.
Bxc6 Bc8 29. Qe5 Bf8 30. Nf6+ 1-0

[Event "Women&#39;s 4NCL Division 1"]
[Site "Kenilworth, ENG"]
[Date "2019.10.12"]
[Round "1.22"]
[White "Boztas, Lana"]
[Black "Sivarajasingam, Shayanna"]
[Result "0-1"]
[WhiteElo "1562"]
[BlackElo "1762"]
[PlyCount "98"]
[EventDate "2019.10.12"]
[WhiteTeam "Ancient & Modern"]
[BlackTeam "The Dragonesses"]

1. c4 e6 2. Nc3 d5 3. cxd5 exd5 4. d4 Nf6 5. Nf3 c6 6. g3 Bd6 7. Bg2 h6 8. O-O
Bf5 9. Qb3 Qc7 10. Bd2 Nbd7 11. Rac1 Qb6 12. Qxb6 Nxb6 13. b3 O-O 14. Ne5 Rfe8
15. f4 Rad8 16. Rfe1 Ba3 17. h3 Bxc1 18. Bxc1 h5 19. Ba3 Nc8 20. Na4 Nd6 21.
Nc5 Nfe4 22. Kh2 f6 23. Nf3 Nxc5 24. Bxc5 b6 25. Bb4 Re6 26. Nh4 Be4 27. e3
Bxg2 28. Nxg2 Rde8 29. Bxd6 Rxd6 30. Kg1 Rde6 31. Kf2 Re4 32. f5 c5 33. dxc5
bxc5 34. Nf4 R8e5 35. g4 d4 36. Nd3 Rxe3 37. Nxe5 Rxe1 38. Kxe1 fxe5 39. Ke2 e4
40. Kd2 hxg4 41. hxg4 Kf7 42. g5 Ke7 43. Ke2 Kd6 44. f6 Ke6 45. fxg7 Kf7 46. a3
Kxg7 47. Kf2 Kg6 48. Ke2 Kxg5 49. Kf2 Kf4 0-1

[Event "Women&#39;s 4NCL Division 1"]
[Site "Kenilworth, ENG"]
[Date "2019.10.12"]
[Round "1.23"]
[White "Sivarajasingam, Venetia"]
[Black "Hannan, Abigail"]
[Result "1-0"]
[WhiteElo "1766"]
[BlackElo "1502"]
[PlyCount "75"]
[EventDate "2019.10.12"]
[WhiteTeam "The Dragonesses"]
[BlackTeam "Ancient & Modern"]

1. e4 c5 2. Nf3 d6 3. Bb5+ Nd7 4. d4 cxd4 5. Qxd4 Ngf6 6. O-O g6 7. c4 Bg7 8.
Nc3 O-O 9. Bxd7 Bxd7 10. Bg5 Qb6 11. Qd2 Qb4 12. e5 dxe5 13. Bxf6 Bxf6 14. Qxd7
Qxb2 15. Nd5 b6 16. Nxe7+ Bxe7 17. Qxe7 Rfe8 18. Qh4 Kg7 19. Qe4 Rac8 20. Rfd1
Qc3 21. Rac1 Qa5 22. Rd5 Qa3 23. Rcd1 Qa4 24. Rd7 Rxc4 25. Qd5 Rf8 26. Qxe5+
Kg8 27. Ng5 Rc5 28. Qe7 Rf5 29. Rd8 Rxd8 30. Rxd8+ Kg7 31. Qf8+ Kf6 32. Nxh7+
Ke5 33. Qe7+ Kf4 34. Qh4+ Ke5 35. Qxa4 f6 36. Qd4+ Ke6 37. Re8+ Kf7 38. Qd7#
1-0

[Event "Women&#39;s 4NCL Division 1"]
[Site "Kenilworth, ENG"]
[Date "2019.10.12"]
[Round "1.24"]
[White "Shahameeran, Ashika"]
[Black "Smith, Lynda"]
[Result "0-1"]
[WhiteElo "1247"]
[BlackElo "1765"]
[PlyCount "90"]
[EventDate "2019.10.12"]
[WhiteTeam "Ancient & Modern"]
[BlackTeam "The Dragonesses"]

1. e4 c5 2. d4 cxd4 3. c3 g6 4. cxd4 Bg7 5. Nf3 d5 6. e5 Nc6 7. Be2 Bg4 8. h3
Bxf3 9. Bxf3 e6 10. Nc3 Nh6 11. O-O Nf5 12. Nb5 a6 13. Nd6+ Nxd6 14. exd6 Qxd6
15. Be3 O-O 16. Qd2 Qb4 17. Qxb4 Nxb4 18. Rfc1 Rac8 19. Rxc8 Rxc8 20. a3 Nc6
21. Rc1 Kf8 22. a4 Ke8 23. b3 Kd7 24. Rd1 Na5 25. Rd3 h6 26. g4 Nc6 27. h4 Nb4
28. Rd2 Rc2 29. Rxc2 Nxc2 30. h5 Nxd4 31. Bxd4 Bxd4 32. hxg6 fxg6 33. Kf1 Kd6
34. Ke2 Kc5 35. Kd3 Bxf2 36. Kc3 Be1+ 37. Kc2 Kd4 38. Kb2 e5 39. Kc2 e4 40. Be2
Ke3 41. Kd1 Bb4 42. Bf1 d4 43. Be2 d3 44. Bf1 Kf2 45. Bh3 e3 0-1

[Event "Women&#39;s 4NCL Division 1"]
[Site "Kenilworth, ENG"]
[Date "2019.10.12"]
[Round "1.31"]
[White "Thatte, Nandinee"]
[Black "Norinkeviciute, Rasa"]
[Result "0-1"]
[WhiteElo "1547"]
[BlackElo "2002"]
[PlyCount "162"]
[EventDate "2019.10.12"]
[WhiteTeam "Richmond Juniors Boudicca"]
[BlackTeam "Wood Green"]

1. d4 Nf6 2. c4 e6 3. Nc3 Bb4 4. Qc2 d5 5. e3 O-O 6. Nf3 b6 7. cxd5 exd5 8. Be2
Re8 9. O-O Bg4 10. Ne5 Bxe2 11. Qxe2 c6 12. Bd2 Nfd7 13. Nf3 Nf8 14. Rac1 Nbd7
15. Na4 Bxd2 16. Qxd2 Rc8 17. Rc2 Qf6 18. Rfc1 Qd6 19. Nc3 Re6 20. Nb5 Qb8 21.
Nc3 Rd8 22. Ne2 c5 23. dxc5 Nxc5 24. Ned4 Rh6 25. h3 a5 26. a3 a4 27. Qe2 Qc8
28. b4 axb3 29. Nxb3 Nfe6 30. Nfd4 Qd7 31. Nd2 Rg6 32. N2f3 Nxd4 33. exd4 Qxh3
34. g3 Rh6 35. Nh4 Ne4 36. Qe3 Qg4 37. Kf1 Rf6 38. Kg2 h6 39. Nf3 Re6 40. Qd3
Nd6 41. Ne5 Qf5 42. Qxf5 Nxf5 43. Rd2 Ra8 44. Rc3 Nxd4 45. Rxd4 Rxe5 46. Rb3
Ra6 47. f4 Re2+ 48. Kf3 Ra2 49. Rxd5 R2xa3 50. Rdb5 Rxb3+ 51. Rxb3 g6 52. g4
Kg7 53. Kg3 Kf6 54. Kf3 Ke6 55. Ke4 Kd6 56. Ke3 Kc6 57. Kd4 Kb7 58. Rd3 Ra7 59.
Rb3 Ra8 60. Ke3 Re8+ 61. Kd2 Re4 62. Rf3 b5 63. Rb3 Kb6 64. Rf3 b4 65. Kd3 Re7
66. Kc4 Ka5 67. Rf1 Rc7+ 68. Kb3 Rc3+ 69. Kb2 Rg3 70. g5 hxg5 71. fxg5 Rxg5 72.
Rxf7 Rc5 73. Rf3 g5 74. Rg3 Kb5 75. Kb3 Rf5 76. Kb2 Ka4 77. Ka2 b3+ 78. Kb2
Rf2+ 79. Kc3 Rc2+ 80. Kd4 b2 81. Rg1 Rc1 0-1

[Event "Women&#39;s 4NCL Division 1"]
[Site "Kenilworth, ENG"]
[Date "2019.10.12"]
[Round "1.32"]
[White "Serbanescu, Diana-Maria"]
[Black "Di Cecio, Carolina"]
[Result "1-0"]
[WhiteElo "1992"]
[BlackElo "1450"]
[PlyCount "83"]
[EventDate "2019.10.12"]
[WhiteTeam "Wood Green"]
[BlackTeam "Richmond Juniors Boudicca"]

1. e4 e5 2. Nf3 Nc6 3. Bc4 Bc5 4. c3 Nf6 5. d3 d6 6. O-O O-O 7. a4 a6 8. h3 h6
9. Re1 Be6 10. Bb3 Nh5 11. Be3 Ba7 12. Nbd2 Qf6 13. d4 Bd7 14. dxe5 dxe5 15.
Bxa7 Rxa7 16. Nxe5 Qxe5 17. Nc4 Qg5 18. Qxd7 Nf4 19. Qg4 Qxg4 20. hxg4 Re8 21.
Rad1 Raa8 22. g3 Nh3+ 23. Kg2 Ng5 24. Bc2 Re7 25. f4 Ne6 26. Ne3 Ree8 27. b4 b5
28. Nd5 Ra7 29. Kf3 g5 30. Nf6+ Kf8 31. Nxe8 Kxe8 32. Rd2 f6 33. Rh1 Kf7 34.
Rxh6 Kg7 35. Rh1 gxf4 36. gxf4 Ne7 37. Rd7 Kf7 38. Rh7+ Ng7 39. Rxg7+ Kxg7 40.
Rxe7+ Kg6 41. e5+ Kh6 42. Rh7# 1-0

[Event "Women&#39;s 4NCL Division 1"]
[Site "Kenilworth, ENG"]
[Date "2019.10.12"]
[Round "1.33"]
[White "Kapila, Maya"]
[Black "Walker, Kate"]
[Result "0-1"]
[WhiteElo "1502"]
[BlackElo "1645"]
[PlyCount "86"]
[EventDate "2019.10.12"]
[WhiteTeam "Richmond Juniors Boudicca"]
[BlackTeam "Wood Green"]

1. e4 c6 2. d4 d5 3. exd5 cxd5 4. Nc3 e6 5. a3 Nc6 6. Bb5 Bd6 7. Nf3 Bd7 8. O-O
Nf6 9. Bg5 O-O 10. Re1 a6 11. Ba4 b5 12. Bb3 Na5 13. Ba2 Nc4 14. Bxc4 bxc4 15.
Ne5 Be7 16. Qf3 Rb8 17. Rab1 Ne8 18. Bxe7 Qxe7 19. Qg3 Nd6 20. b3 cxb3 21. cxb3
Rfc8 22. Ng4 Nf5 23. Qd3 Qxa3 24. Ne5 Be8 25. Ne2 Bb5 26. Qd2 Rc7 27. Qf4 Rbc8
28. Ng3 Nxg3 29. Qxg3 Rc2 30. Nd3 R8c3 31. Qb8+ Rc8 32. Qg3 R2c3 33. Ra1 Qxb3
34. Reb1 Qc4 35. Rd1 Rxd3 36. Rxd3 Qxd3 37. Qe5 Qd2 38. g3 h6 39. Kg2 Rc2 40.
Kh3 Qxf2 41. Rd1 Qxh2+ 42. Kg4 Be2+ 43. Kf4 Qf2# 0-1

[Event "Women&#39;s 4NCL Division 1"]
[Site "Kenilworth, ENG"]
[Date "2019.10.12"]
[Round "1.34"]
[White "Parnes, Shira"]
[Black "Wang, Sophie"]
[Result "1/2-1/2"]
[WhiteElo "1495"]
[BlackElo "1397"]
[PlyCount "56"]
[EventDate "2019.10.12"]
[WhiteTeam "Wood Green"]
[BlackTeam "Richmond Juniors Boudicca"]

1. e4 c6 2. d4 d5 3. e5 Bf5 4. Nf3 e6 5. a3 Nd7 6. Be2 c5 7. c3 Rc8 8. O-O Ne7
9. Nh4 a6 10. Bg5 Bxb1 11. Rxb1 h6 12. Be3 c4 13. Nf3 b5 14. b4 Nc6 15. Nd2 Ne7
16. f4 Nf5 17. Bf2 Be7 18. Bg4 Nf8 19. Bxf5 exf5 20. a4 Qd7 21. a5 Ne6 22. Be1
Qd8 23. Qh5 g6 24. Qf3 Qd7 25. Bg3 Qd8 26. Qf2 Rc7 27. Nf3 Rc6 28. Nh4 Ng7
1/2-1/2

[Event "Women&#39;s 4NCL Division 1"]
[Site "Kenilworth, ENG"]
[Date "2019.10.12"]
[Round "1.41"]
[White "Richmond, Jane"]
[Black "Evans, Aoise"]
[Result "1-0"]
[WhiteElo "2069"]
[BlackElo "1592"]
[PlyCount "139"]
[EventDate "2019.10.12"]
[WhiteTeam "Check Inn"]
[BlackTeam "Sacrificial Pawns"]

1. e4 e5 2. Nf3 Nc6 3. Bb5 a6 4. Ba4 Nf6 5. O-O b5 6. Bb3 Be7 7. Qe2 O-O 8. a4
b4 9. a5 d6 10. d3 Bg4 11. c3 Rb8 12. Bc4 bxc3 13. bxc3 Nxa5 14. Rxa5 Rxb1 15.
Rxa6 Nh5 16. h3 Bxf3 17. Qxf3 g6 18. Bh6 Rxf1+ 19. Kxf1 Ng7 20. Qe3 Qb8 21. Qd2
Qb1+ 22. Qe1 Qb2 23. Qa1 Qb7 24. Qa2 Qb8 25. Bd5 Qb5 26. Ke2 Qd7 27. Qc4 Bf6
28. Ra7 Rc8 29. Bc6 Qe7 30. Qb5 Ne6 31. Be3 Bg7 32. Bd7 Rd8 33. Bxe6 fxe6 34.
Qc6 Rc8 35. Bb6 Qg5 36. Qd7 Rf8 37. Rxc7 Qh5+ 38. g4 Qh6 39. Be3 g5 40. h4 Qf6
41. hxg5 Qf3+ 42. Kd2 Qf7 43. Qxf7+ Rxf7 44. Rxf7 Kxf7 45. Kc2 Kg6 46. Kb3 Bf8
47. Kc4 Be7 48. Kb5 Bxg5 49. Kc6 Be7 50. Kd7 Kf7 51. Bb6 d5 52. c4 Bf8 53. c5
Bxc5 54. Bxc5 Kf6 55. Be7+ Kf7 56. Kd6 dxe4 57. dxe4 h6 58. Bh4 Kg6 59. Kxe6
Kg7 60. Kxe5 Kf7 61. f4 Kg7 62. Ke6 Kf8 63. Kd7 Kg7 64. e5 Kf7 65. e6+ Kg6 66.
e7 h5 67. gxh5+ Kxh5 68. e8=Q+ Kxh4 69. Qg6 Kh3 70. f5 1-0

[Event "Women&#39;s 4NCL Division 1"]
[Site "Kenilworth, ENG"]
[Date "2019.10.12"]
[Round "1.43"]
[White "Headlong, Georgia"]
[Black "Pettit, Felicity"]
[Result "1-0"]
[WhiteElo "1705"]
[BlackElo "1198"]
[PlyCount "63"]
[EventDate "2019.10.12"]
[WhiteTeam "Check Inn"]
[BlackTeam "Sacrificial Pawns"]

1. e4 c6 2. Ne2 d5 3. e5 Bf5 4. Ng3 Bg6 5. h4 h6 6. h5 Bh7 7. e6 fxe6 8. d4 Nf6
9. Bd3 Bxd3 10. Qxd3 Qc7 11. f4 Nbd7 12. O-O O-O-O 13. Nd2 g5 14. hxg6 Bg7 15.
Nf3 Rdf8 16. Ne5 h5 17. Nf7 Rhg8 18. b3 Qb6 19. Ba3 Re8 20. Rae1 Nf8 21. Bc5
Qa5 22. a4 Kb8 23. c3 Qc7 24. Qf3 Nxg6 25. Rxe6 Rgf8 26. Nd6 Rd8 27. Ndf5 Rf7
28. Nxh5 Nxh5 29. Qxh5 Rdf8 30. Qxg6 Rxf5 31. Qxg7 Rxf4 32. Qxf8+ 1-0

[Event "Women&#39;s 4NCL Division 1"]
[Site "Kenilworth, ENG"]
[Date "2019.10.12"]
[Round "1.44"]
[White "Cuthbert, Larissa"]
[Black "Arora, Tashika"]
[Result "0-1"]
[WhiteElo "1034"]
[BlackElo "1690"]
[PlyCount "124"]
[EventDate "2019.10.12"]
[WhiteTeam "Sacrificial Pawns"]
[BlackTeam "Check Inn"]

1. e4 c5 2. d4 cxd4 3. c3 Nf6 4. e5 Nd5 5. Nf3 Nc6 6. Be2 d6 7. cxd4 g6 8. Bc4
Nb6 9. Bb3 dxe5 10. Nxe5 Nxe5 11. dxe5 Qxd1+ 12. Bxd1 Bg7 13. Bf4 Nc4 14. b3
Nxe5 15. O-O Nd3 16. Bg3 Bxa1 17. Bf3 Be5 18. Rd1 Bxg3 19. Rxd3 Bd6 20. Nc3 a6
21. Nd5 Bf5 22. Rd1 O-O-O 23. Rc1+ Kb8 24. a4 Rc8 25. Re1 Bc5 26. g3 Bh3 27.
Bg2 Bxg2 28. Kxg2 e6 29. Nf6 Rc7 30. Rd1 Kc8 31. Ne4 Bb4 32. h3 Rd8 33. Rf1 Rd4
34. Ng5 h6 35. Nf3 Rd3 36. Rb1 f6 37. Ne1 Bxe1 38. Rxe1 e5 39. h4 Rxb3 40. h5
g5 41. Rd1 Rbc3 42. Rd6 R3c6 43. Rd3 Rd7 44. Rf3 Kd8 45. Rf5 Ke7 46. Rf3 g4 47.
Re3 Ke6 48. Re4 Rd4 49. Re2 Rc1 50. Rb2 Rdd1 51. f4 Rg1+ 52. Kf2 Rcf1+ 53. Ke2
Rg2+ 54. Kxf1 Rxb2 55. fxe5 Kxe5 56. Kg1 Ke4 57. Kf1 Kf3 58. Kg1 Rf2 59. Kh1
Kxg3 60. Kg1 Rf4 61. a5 Rf5 62. Kh1 Rf1# 0-1

[Event "Women&#39;s 4NCL Division 1"]
[Site "Kenilworth, ENG"]
[Date "2019.10.12"]
[Round "1.201"]
[White "Zhu, Yaoyao"]
[Black "James, Ann-Marie"]
[Result "1/2-1/2"]
[WhiteElo "1873"]
[BlackElo "2050"]
[PlyCount "95"]
[EventDate "2019.10.12"]
[WhiteTeam "Manchester"]
[BlackTeam "Warwickshire Bears"]

1. e4 e5 2. Nf3 Nc6 3. Bc4 Bc5 4. c3 Nf6 5. d4 exd4 6. e5 d5 7. Bb5 Ne4 8. cxd4
Bb6 9. Nc3 O-O 10. Be3 Bg4 11. h3 Bh5 12. Qc2 Nxc3 13. bxc3 f6 14. exf6 Qxf6
15. Ng5 Bg6 16. Bd3 Bxd3 17. Qxd3 Qf5 18. Qxf5 Rxf5 19. Nf3 Re8 20. O-O Na5 21.
Nd2 c6 22. g4 Rf7 23. c4 Nxc4 24. Nxc4 dxc4 25. Rfc1 Rd7 26. Rxc4 Re4 27. Rb1
c5 28. dxc5 Rxc4 29. cxb6 a5 30. Rb5 a4 31. Ra5 Kf7 32. Kg2 Ke6 33. Kg3 Kd6 34.
a3 Kc6 35. Re5 Rc3 36. Kf4 Rxa3 37. Rc5+ Kd6 38. Rc4 Ra2 39. Kg5 Ke6 40. f4 Re2
41. f5+ Kf7 42. Bc5 Rh2 43. Rxa4 Rd5 44. Rc4 h6+ 45. Kf4 Rxc5 46. Rxc5 Rb2 47.
Rc7+ Kf6 48. Rc5 1/2-1/2

[Event "Women&#39;s 4NCL Division 1"]
[Site "Kenilworth, ENG"]
[Date "2019.10.12"]
[Round "1.204"]
[White "Dicen, Elis Denele"]
[Black "Jayawarna, Thisumi"]
[Result "1-0"]
[WhiteElo "1577"]
[BlackElo "1532"]
[PlyCount "61"]
[EventDate "2019.10.12"]
[WhiteTeam "Warwickshire Bears"]
[BlackTeam "Manchester"]

1. e4 c6 2. Nf3 d5 3. exd5 cxd5 4. Bb5+ Bd7 5. Qe2 Nc6 6. O-O Nf6 7. d4 a6 8.
Bd3 e6 9. Bf4 Nb4 10. b3 Rc8 11. Rc1 Be7 12. a3 Nxd3 13. Qxd3 O-O 14. Nbd2 Bb5
15. c4 dxc4 16. bxc4 Bc6 17. Ne5 Nh5 18. Be3 f5 19. Nxc6 bxc6 20. Nf3 Bf6 21.
c5 a5 22. Rab1 Kh8 23. Qc3 Ra8 24. a4 f4 25. Bd2 Qd5 26. Qc4 Qf5 27. Rb6 Rfc8
28. Re1 e5 29. dxe5 Bd8 30. Rb7 Rab8 31. Rf7 1-0

[Event "Women&#39;s 4NCL Division 1"]
[Site "Kenilworth, ENG"]
[Date "2019.10.12"]
[Round "1.203"]
[White "Dicen, Imogen"]
[Black "Somton, Anita"]
[Result "1/2-1/2"]
[WhiteElo "1840"]
[BlackElo "1831"]
[PlyCount "104"]
[EventDate "2019.10.12"]
[WhiteTeam "Warwickshire Bears"]
[BlackTeam "Wood Green Youth"]

1. e4 d5 2. exd5 Qxd5 3. Nc3 Qa5 4. Nf3 Nf6 5. Bc4 c6 6. O-O Bf5 7. d4 e6 8.
Bd2 Bb4 9. a3 Bxc3 10. Bxc3 Qc7 11. Re1 Nbd7 12. d5 cxd5 13. Bxd5 Bxc2 14. Qd2
Bg6 15. Ba2 O-O 16. Rac1 Qd8 17. Bb4 Re8 18. Red1 Rc8 19. Bc3 h6 20. Qe3 Qb6
21. Bd4 Qa6 22. h3 b6 23. Bb3 Rxc1 24. Rxc1 Qd3 25. Qxd3 Bxd3 26. Rc7 a5 27.
Bxf6 Nxf6 28. Ne5 Bg6 29. Nc4 Rb8 30. Ne5 b5 31. Nxg6 fxg6 32. Bxe6+ Kh7 33.
Kf1 Ne8 34. Rc8 Rxc8 35. Bxc8 Nd6 36. Be6 g5 37. Ke2 Kg6 38. Kd3 Kf6 39. Ba2
Ke5 40. Ke3 Nc4+ 41. Bxc4 bxc4 42. a4 Kd5 43. Kd2 Kd4 44. Kc2 h5 45. Kd2 g6 46.
Kc2 h4 47. Kd2 Kc5 48. Kc3 Kd5 49. Kc2 Kd4 50. Kd2 Ke4 51. Kc3 Kd5 52. Kc2 Kc5
1/2-1/2

[Event "Women&#39;s 4NCL Division 1"]
[Site "Kenilworth, ENG"]
[Date "2019.10.12"]
[Round "1.206"]
[White "Johal, Amrissa Kaur"]
[Black "Pillay, Shriya"]
[Result "0-1"]
[WhiteElo "1337"]
[BlackElo "1570"]
[PlyCount "48"]
[EventDate "2019.10.12"]
[WhiteTeam "Wood Green Youth"]
[BlackTeam "Warwickshire Bears"]

1. d4 Nf6 2. Nc3 d5 3. Bg5 Nc6 4. Nf3 e6 5. e4 dxe4 6. Nxe4 Be7 7. Bxf6 gxf6 8.
c3 b6 9. Bb5 Qd5 10. Qd3 Bb7 11. Bc4 Qd7 12. O-O-O O-O-O 13. d5 Ne5 14. Nxe5
fxe5 15. dxe6 Qxd3 16. Bxd3 Rxd3 17. Rxd3 Bxe4 18. Rd7 Bg5+ 19. Kd1 fxe6 20.
Rg7 Bxg2 21. Rg1 Bf3+ 22. Ke1 Rd8 23. Rg8 Rxg8 24. Rg3 e4 0-1

[Event "Women&#39;s 4NCL Division 1"]
[Site "Kenilworth, ENG"]
[Date "2019.10.12"]
[Round "1.202"]
[White "Jaufarally, Nadia"]
[Black "Jayawarna, Tarini"]
[Result "1-0"]
[WhiteElo "1952"]
[BlackElo "1637"]
[Annotator "user"]
[PlyCount "137"]
[EventDate "2019.10.12"]
[WhiteTeam "Wood Green Youth"]
[BlackTeam "Manchester"]

1. e4 e6 2. d4 d5 3. Nd2 c5 4. exd5 Qxd5 5. Ngf3 cxd4 6. Bc4 Qd6 7. O-O Nf6 8.
Nb3 Nc6 9. Nbxd4 Nxd4 10. Nxd4 Bd7 11. c3 Qc7 12. Bb3 O-O-O 13. Qe2 h5 14. h3
Bc5 15. Be3 Ne4 16. Bc2 Nd6 17. b4 Bb6 18. Bd3 a6 19. Bf4 Rde8 20. Qe5 Nf5 21.
Nxf5 Qxe5 22. Bxe5 exf5 23. Bxg7 Rhg8 24. Bd4 Bc7 25. Rae1 f4 26. Kh1 f3 27.
Rxe8+ Rxe8 28. gxf3 Bxh3 29. Rg1 Kd7 30. Be4 Kc8 31. Rg5 h4 32. Rh5 Rg8 33. Rh8
Bg2+ 34. Kg1 Rxh8 35. Bxh8 h3 36. Bf5+ Kb8 37. Bf6 Bxf3 38. Bxh3 Bd5 39. a3 Bf4
40. Kf1 Bb3 41. Bd7 Kc7 42. Be8 b5 43. Ke2 Bc1 44. Be5+ Kb7 45. Kd3 Bxa3 46.
Ke4 Be6 47. Kf4 Bc1+ 48. Ke4 Bd2 49. Kd4 Kb6 50. Kd3 Bg5 51. Bd4+ Kb7 52. Ke4
Kc7 53. Ke5 Kb7 54. Kd6 Bh4 55. Bc6+ Kc8 56. Kc5 Bd8 57. Be5 Bc7 58. Bxc7 Kxc7
59. Be8 Bb3 60. Bc6 Be6 61. f4 f6 62. Bd5 Bf5 63. Bf7 Be4 64. Be6 Bd3 65. Bd5
Bf5 66. c4 Bd7 67. cxb5 axb5 68. Be4 Kb8 69. Bc6 {time} 1-0

[Event "Women&#39;s 4NCL Division 1"]
[Site "Kenilworth, ENG"]
[Date "2019.10.12"]
[Round "1.205"]
[White "Topping, Rachel"]
[Black "Stevens, Abbie"]
[Result "0-1"]
[WhiteElo "1202"]
[BlackElo "1577"]
[PlyCount "60"]
[EventDate "2019.10.12"]
[WhiteTeam "Manchester"]
[BlackTeam "Wood Green Youth"]

1. e4 g6 2. d4 Bg7 3. Nf3 b6 4. Bc4 Bb7 5. Ng5 e6 6. Qf3 Bf6 7. Nh3 Bxd4 8. O-O
Nc6 9. c3 Bg7 10. Re1 Ne5 11. Qe2 Rb8 12. Nd2 Nf6 13. f4 Nxc4 14. Qxc4 O-O 15.
b3 d5 16. Qa4 a5 17. Ba3 c5 18. Rad1 Qc7 19. e5 Ng4 20. Nf3 Bc6 21. Qxc6 Qxc6
22. c4 Rfd8 23. Bb2 dxc4 24. bxc4 Rxd1 25. Rxd1 Qe4 26. Re1 Qxc4 27. Nd2 Qxa2
28. Bc3 Rd8 29. Nf2 b5 30. Nf3 Nxf2 0-1